Every Single Kendrick Lamar Feature - Statistics

General Stats
  • This quiz has been taken 8 times
  • The average score is 27 of 113
Answer Stats
Hint Answer % Correct
SZA 30 for 30
83%
Clipse Chains & Whips
83%
Baby Keem family ties
83%
Playboi Carti GOOD CREDIT
83%
Travis Scott goosebumps
83%
Future, Metro Boomin Like That
83%
A$AP Rocky, Drake, 2 Chainz Fuckin' Problems
67%
Baby Keem, Momo Boyd Good Flirts
67%
Jay Rock, Future, James Blake King's Dead
67%
Eminem Love Game
67%
Kanye West No More Parties in LA
67%
Pusha T Nosetalgia
67%
Baby Keem range brothers
67%
Baby Keem The Hillbillies
67%
Taylor Swift Bad Blood (Remix)
50%
Drake Buried Alive Interlude
50%
ScHoolboy Q Collard Greens
50%
Maroon 5 Don't Wanna Know
50%
SZA Doves in the Wind
50%
Baby Keem House Money
50%
Future Mask Off (Remix)
50%
Playboi Carti MOJO JOJO
50%
2 Chainz Momma I Hit A Lick
50%
Lil Wayne Mona Lisa
50%
SOB X RBE Paramedic!
50%
The Weeknd Pray For Me
50%
The Weeknd Sidewalks
50%
Anderson .Paak Tints
50%
Baby Keem vent
50%
Jay Rock Wow Freestyle
50%
A$AP Rocky, Joey Badass, Yelawolf, Danny Brown, Action Bronson, Big K.R.I.T. 1Train
33%
SZA Babylon
33%
Playboi Carti, Jhené Aiko BACKD00R
33%
Big Sean, Jay Electronica Control
33%
Nipsey Hussle Dedication
33%
J. Cole Forbidden Fruit
33%
Dr. Dre, Marsha Ambrosius, Candice Pillay Genocide
33%
Mac Miller God Is Fair, Sexy Nasty
33%
Jay Rock Hood Gone Love It
33%
Ty Dolla $ign, Brandy, James Fauntleroy LA
33%
Busta Rhymes Look Over Your Shoulder
33%
Flying Lotus Never Catch Me
33%
Rich the Kid New Freezer
33%
Danny Brown, Ab-Soul, Earl Sweatshirt Really Doe
33%
Dreamville Under The Sun
33%
Isaiah Rashad, Zacari Wat's Wrong
33%
Jay Rock WIN
33%
2 Chainz, Saudi, ScHoolboy Q X
33%
Beyoncé AMERICA HAS A PROBLEM (Remix)
17%
ScHoolboy Q Blessed
17%
A Tribe Called Quest Conrad Tokyo
17%
Beyoncé Freedom
17%
DJ Khaled, Big Sean Holy Key
17%
Alicia Keys It's On Again
17%
Beyoncé NILE
17%
Rapsody Power
17%
Kid Cudi Solo Dolo, Part II
17%
ScHoolboy Q, Black Hippy THat Part (Black Hippy Remix)
17%
The Game The City
17%
Terrace Martin Triangle Ship
17%
Black Hippy U.O.E.N.O.
17%
Jay Rock, Black Hippy Vice City
17%
Thundercat Walk on By
17%
Vinces Staples Yeah Right
17%
The Lonely Island, Adam Levine YOLO
17%
Rich Gang, Detail, Birdman 100 Favors
0%
Meek Mill A1 Everything
0%
Funkadelic Ain't That Funkin' Kinda Hard On You? (Remix)
0%
Chris Brown Autumn Leaves
0%
Birdman, Mack Maine, Ace Hood B-Boyz
0%
Quadron Better Off
0%
Jidenna Classic Man (Remix)
0%
Mayer Hawthorne Crime
0%
Pac Div, Blu Cross-Trainers
0%
Dr. Dre, King Mez, Marsha Ambrosius Darkside/Gone
0%
Dr. Dre Deep Water
0%
N.E.R.D Don’t Don’t Do It!
0%
Jay Rock Enjoy Life
0%
9th Wonder, Murs, Warren G Enjoy (West Coastin')
0%
Mac Miller Fight The Feeling
0%
Nitty Scott, MC Flower Child
0%
Tech N9ne, ¡MAYDAY!, Kendall Morgan Fragile
0%
Robin Thicke, 2 Chainz Give It 2 U
0%
SiR Hair Down
0%
Miguel How Many Drinks? (Remix)
0%
Cozz Hustla's Story
0%
Ab-Soul Illuminate
0%
Tech N9ne, Oobergeek I Love Music
0%
Snoop Dogg, Rick Ross I'm Ya Dogg
0%
Fredo Santana Jealous
0%
Ab-Soul Kendrick Lamar's Interlude
0%
Dido Let Us Move On
0%
ScHoolboy Q LigHt Years AHead (Sky HigH)
0%
ScHoolboy Q Live Again
0%
Solange Looks Good With Trouble
0%
Jay Rock, Ab-Soul Mandatory
0%
T.I., B.o.B., Kris Stephens Memories Back Then
0%
The Game, Scarface Murder
0%
The Game On Me
0%
Mike WiLL Made-It, Gucci Mane, Rae Sremmurd Perfect Pint
0%
YG Really Be (Smokin N Drinkin)
0%
Raphael Saadiq Rearview
0%
Jay Rock, Ab-Soul, ScHoolboy Q Say Wassup
0%
The Game, Tank See No Evil
0%
Jhené Aiko Stay Ready (What a Life)
0%
Mr Smith, Lovey Jean Street Justice
0%
Jay Rock, Ab-Soul, ScHoolboy Q TDE Roll Call
0%
Jay Rock The Best Rapper Alive
0%
Omen The Look of Lust
0%
BJ the Chicago Kid The New Cupid
0%
ScHoolboy Q Try Me
0%
Ab-Soul Turn Me Up
0%
50 Cent We Up
0%
No matching quizzes found
Score Distribution
Percent of People with Each Score
Percentile by Number Answered
Your Score History
You have not taken this quiz